|
|
|
|
| LEADER |
01444nam a2200325 a 4500 |
| 001 |
1453 |
| 003 |
BD-DhAAL |
| 005 |
20150304111444.0 |
| 008 |
150304s1988 enk b 101 0 eng |
| 010 |
|
|
|a 88029784
|
| 020 |
|
|
|a 0862327849
|
| 020 |
|
|
|a 0862327857 (pbk.)
|
| 040 |
|
|
|a DLC
|c DLC
|d DLC
|d BD-DhAAL
|
| 050 |
0 |
0 |
|a HQ1784
|b .A73 1986
|
| 082 |
0 |
0 |
|a 305.4/2/09174927
|2 19
|
| 110 |
2 |
|
|a Arab Women's Solidarity Association.
|b Conference
|n (1st :
|d 1986 :
|c Cairo, Egypt)
|9 9041
|
| 245 |
1 |
0 |
|a Women of the Arab world :
|b the coming challenge : papers of the Arab Women's Solidarity Association Conference /
|c edited by Nahid Toubia ; translated by Nahed El Gamal.
|
| 260 |
|
|
|a London ;
|a Atlantic Highlands, N.J., USA :
|b Zed Books,
|c 1988.
|
| 300 |
|
|
|a xii, 168 p. ;
|c 23 cm.
|
| 500 |
|
|
|a Translated from Arabic.
|
| 504 |
|
|
|a Includes bibliographies and index.
|
| 541 |
|
|
|e 1453
|
| 650 |
|
0 |
|a Women
|z Arab countries
|x Social conditions
|v Congresses.
|9 9042
|
| 650 |
|
0 |
|a Women
|z Arab countries
|x Economic conditions
|v Congresses.
|9 9043
|
| 650 |
|
0 |
|a Women's rights
|z Arab countries
|v Congresses.
|9 9044
|
| 650 |
|
0 |
|a Women
|x Political activity
|z Arab countries
|v Congresses.
|9 9045
|
| 700 |
1 |
|
|a Toubia, Nahid.
|9 9046
|
| 942 |
|
|
|2 ddc
|c BK
|
| 999 |
|
|
|c 33878
|d 33878
|
| 952 |
|
|
|0 0
|1 0
|2 ddc
|4 0
|6 305_420917492700000_WOM
|7 0
|9 52876
|a SCL
|b SCL
|c GEN
|d 2015-03-04
|e Gift: The Asia Foundation
|l 1
|o 305.4209174927 WOM
|p 3020001453
|r 2026-02-17
|s 2026-02-04
|t 1
|w 2015-03-04
|y BK
|